| 000 | 00771nam a2200205 a 4500 | ||
|---|---|---|---|
| 003 | 0 | ||
| 005 | 20250625095027.0 | ||
| 008 | 050809s19uu xx 00 eng d | ||
| 050 |
_aPGS TP 910.S73 _b.F954 2005 |
||
| 100 | _aFuerte, Sarah Justine A. | ||
| 245 |
_aA feasibility of using Doryteuthiis sibogae (squid) ink as alternative ballpen ink / _cSarah Justine A. Fuerte. |
||
| 260 |
_aLas PiƱas City, Philippines : _bSouthville International School and Colleges, _c2005. |
||
| 300 |
_a21 pages : _bcolored illustrations ; _c28 cm. |
||
| 504 | _aIncludes bibliographical references. | ||
| 650 | _aSquid ink. | ||
| 650 |
_aWriting ink _vAlternative sources. |
||
| 650 |
_aPigments _vNatural sources. |
||
| 650 |
_aCephalopods _vSecretions. |
||
| 942 |
_2lcc _cPASS |
||
| 999 |
_c97362 _d97362 |
||